[Event "Trophee Roza Lallemand Online"]
[Site "Tornelo INT"]
[Date "2020.12.13"]
[Round "8"]
[White "Frion, Sandrine"]
[Black "Bergmann, Delphine"]
[Result "0-1"]
[WhiteElo "1384"]
[BlackElo "1625"]
[PlyCount "112"]
[EventDate "2020.12.13"]
[EventType "swiss (rapid)"]
[EventRounds "9"]
[EventCountry "USA"]
[SourceTitle "EXT 2022"]
[Source "ChessBase"]
[SourceDate "2021.10.06"]
[SourceVersion "1"]
[SourceVersionDate "2021.10.06"]
[SourceQuality "1"]

1. e4 c5 2. Nf3 e6 3. d4 cxd4 4. Nxd4 a6 5. Bc4 Qc7 6. Be2 Nf6 7. Nc3 Be7 8. 0-0 Nc6 9. Be3 b5 10. Qd2 Bb7 11. Rad1 Ne5 12. h3 0-0 13. a3 Nxe4 14. Nxe4 Bxe4 15. Nf3 Nxf3+ 16. Bxf3 Bxf3 17. gxf3 d5 18. Rfe1 Rac8 19. c3 Qc4 20. Bf4 Bf6 21. Bd6 Rfd8 22. Be5 Qh4 23. Bxf6 Qxf6 24. Qd4 Qxd4 25. Rxd4 Rc4 26. Red1 Rxd4 27. Rxd4 e5 28. Rd3 Kf8 29. Kg2 Ke7 30. Kg3 Rd6 31. Kh2 f5 32. f4 e4 33. Rd4 Ke6 34. Kg3 h6 35. h4 Kd7 36. h5 Kc6 37. b4 Kb6 38. Rd1 a5 39. Rg1 d4 40. Rd1 d3 41. Kg2 a4 42. Kf1 Kc6 43. Kg2 Kd5 44. f3 Kc4 45. fxe4 fxe4 46. Kf2 Kxc3 47. Rc1+ Kd2 48. Rc5 e3+ 49. Kf3 e2 50. Rxb5 e1Q 51. Re5 Qf1+ 52. Kg3 Rd4 53. Rf5 Qg1+ 54. Kh3 Ke2 55. Re5+ Kf2 56. Rg5 hxg5 0-1